[Event "Subic Bay op"]
[Site "Subic Bay"]
[Date "2009.05.28"]
[Round "6"]
[White "Dimakiling, Oliver"]
[Black "Morazo, John Ranel"]
[Result "1-0"]
[WhiteElo "2426"]
[BlackElo "2133"]
[PlyCount "87"]
[EventDate "2009.05.25"]
[EventType "swiss"]
[EventRounds "9"]
[EventCountry "PHI"]
[SourceTitle "CBM 130 Extra"]
[Source "ChessBase"]
[SourceDate "2009.07.02"]
[SourceVersion "2"]
[SourceVersionDate "2009.07.15"]
[SourceQuality "1"]

1. Nf3 c5 2. c4 Nf6 3. Nc3 Nc6 4. d4 cxd4 5. Nxd4 g6 6. g3 Bg7 7. Bg2 0-0 8. 0-0 d6 9. e3 Bd7 10. b3 Rb8 11. Bb2 a6 12. a4 Qc8 13. Re1 Bh3 14. Bh1 Re8 15. Rc1 Nd7 16. Nd5 Nf8 17. c5 dxc5 18. Rxc5 Ne6 19. Nxe6 Bxb2 20. Nec7 Ba3 21. Rc4 Rd8 22. Qa1 Bd6 23. Nxa6 bxa6 24. Rxc6 Qg4 25. Rxd6 Rxd6 26. Nxe7+ Kf8 27. Nd5 Rxd5 28. Bxd5 Rd8 29. Bg2 Bxg2 30. Qh8+ Ke7 31. Qe5+ Kf8 32. Kxg2 Qb4 33. Rc1 Qxb3 34. Qh8+ Ke7 35. Rc7+ Rd7 36. Rc8 Qb7+ 37. Kh3 Rd5 38. Re8+ Kd7 39. e4 Rh5+ 40. Kg2 Qb6 41. h4 Qc6 42. Qf8 Qf6 43. Ra8 Ra5 44. Qc8+ 1-0